LIBRARY & INFORMATION CENTRE, KCAET, TAVANUR

ONLINE PUBLIC ACCESS CATALOGUE (OPAC)

Computer methods in power system analysis / (Record no. 9341)

MARC details
000 -LEADER
fixed length control field 00477cam a2200181ua 4500
003 - CONTROL NUMBER IDENTIFIER
control field OSt
008 - FIXED-LENGTH DATA ELEMENTS--GENERAL INFORMATION
fixed length control field 241226b |||||||| |||| 00| 0 eng d
020 ## - INTERNATIONAL STANDARD BOOK NUMBER
ISBN 0-07-085764-5
041 ## - LANGUAGE CODE
Language code of text/sound track or separate title eng
082 ## - DEWEY DECIMAL CLASSIFICATION NUMBER
Classification number 621.3191
Item number STA/CO
100 ## - MAIN ENTRY--AUTHOR NAME
Personal name Stagg, Glenn W .
245 ## - TITLE STATEMENT
Title Computer methods in power system analysis /
250 ## - EDITION STATEMENT
Edition statement 1 /
260 ## - PUBLICATION, DISTRIBUTION, ETC. (IMPRINT)
Place of publication New York :
Name of publisher McGraw Hill Book Company ,
Year of publication 1968.
300 ## - PHYSICAL DESCRIPTION
Number of Pages 427 ; .
700 1# - ADDED ENTRY--PERSONAL NAME
Personal name El-Abiad, Ahmed H .
942 ## - ADDED ENTRY ELEMENTS (KOHA)
Koha item type Books
Holdings
Withdrawn status Lost status Damaged status Home library Current library Date acquired Full call number Accession Number Koha item type
Withdrawn     KAUAET KAUAET 07/04/2012 621.3191 14714 STA/CO Books
free website counter